|
|
|
|
| LEADER |
00000nam0a2200000 4500 |
| 001 |
363334 |
| 005 |
20240919123840.0 |
| 035 |
|
|
|a (RuTPU)RU\TPU\retro\20681
|
| 035 |
|
|
|a RU\TPU\retro\20675
|
| 090 |
|
|
|a 363334
|
| 100 |
|
|
|a 20210927d1858 m||y1gery50 ca
|
| 101 |
0 |
|
|a ger
|
| 102 |
|
|
|a DE
|
| 105 |
|
|
|a a z 000zy
|
| 181 |
|
0 |
|b e
|
| 182 |
|
0 |
|a n
|
| 183 |
|
0 |
|a nc
|2 RDAcarrier
|
| 200 |
1 |
|
|a Theorie und Bau der Wasserräder
|e 25 lithographirte Tafeln
|f F. Redtenbacher
|
| 210 |
|
|
|a Mannheim
|c Verlagsbuchhandlung von Friedrich Bassermann
|d 1858
|
| 215 |
|
|
|a 26 Bl.
|c чертежи
|
| 283 |
|
|
|a volume
|
| 300 |
|
|
|a В описании используется грамматика 19 века
|
| 300 |
|
|
|a Литограф. изд.
|
| 316 |
|
|
|5 63413507: 3075
|a На форзаце владельческий экслибрис Библиотеки ТТИ
|
| 317 |
|
|
|5 63413507: 3075
|a Поступил в НТБ в 1901 г. в составе книжной коллекции в дар от красноярского мецената А. П. Кузнецова
|
| 541 |
1 |
|
|a Теория и строительство водяных колес
|z rus
|
| 606 |
1 |
|
|a Водяные колеса
|2 stltpush
|3 (RuTPU)RU\TPU\subj\3230
|9 31679
|
| 610 |
1 |
|
|a Коллекция А. П. Кузнецова
|
| 610 |
1 |
|
|a конструкция
|
| 610 |
1 |
|
|a строительство
|
| 610 |
1 |
|
|a виды
|
| 610 |
1 |
|
|a механизмы
|
| 610 |
1 |
|
|a детали
|
| 610 |
1 |
|
|a чертежи
|
| 610 |
1 |
|
|a литография
|
| 610 |
1 |
|
|a владельческие знаки
|
| 610 |
1 |
|
|a дары библиотеке
|
| 610 |
1 |
|
|a немецкий язык
|
| 675 |
|
|
|a 621.223
|v 4
|
| 700 |
|
1 |
|a Redtenbacher
|b F.
|
| 801 |
|
1 |
|a RU
|b 63413507
|c 20210927
|
| 801 |
|
2 |
|a RU
|b 63413507
|c 20210927
|g RCR
|
| 942 |
|
|
|c BK
|